|
|
|
|
| LEADER |
01165nam a22003012a 4500 |
| 001 |
001612764 |
| 003 |
CZ BrMZK |
| 005 |
20180808173327.0 |
| 007 |
ta |
| 008 |
180119s1968 gw a er|||||||||||ger d |
| 040 |
|
|
|a BOA001
|b cze
|e aacr2
|
| 072 |
|
7 |
|a 616
|x Patologie. Klinická medicína
|2 Konspekt
|9 14
|
| 080 |
|
|
|a 616-092.9
|2 MRF
|
| 080 |
|
|
|a 61:001.891
|2 MRF
|
| 080 |
|
|
|a (043.3)
|2 MRF
|
| 100 |
1 |
|
|a Müller-Wening, Dietrich
|4 dis
|
| 245 |
1 |
0 |
|a Vergleichende Untersuchungen über den Einfluß hoch- und niedermolekularer Dextranpräparate in verschiedenen Dosierungen auf den Verlauf des irreversiblen tierexperimentellen Schocks /
|c Dietrich Müller-Wening
|
| 260 |
|
|
|a Hamburg :
|b Dietrich Müller-Wening,
|c 1968
|
| 300 |
|
|
|a 19 s. :
|b il.
|
| 502 |
|
|
|a Disertace--Universität Hamburg, 1968
|
| 650 |
0 |
7 |
|a pokusy na zvířatech
|7 ph124223
|2 czenas
|
| 650 |
0 |
7 |
|a lékařský výzkum
|7 ph122514
|2 czenas
|
| 655 |
|
7 |
|a disertace
|7 fd132024
|2 czenas
|
| 710 |
2 |
|
|a Universität Hamburg
|7 kn20010710029
|
| 910 |
|
|
|a BOA001
|b X-0629.057
|
| 990 |
|
|
|a BK
|
| 991 |
|
|
|b 201801
|
| 996 |
7 |
|
|b 2618919492
|c X-0629.057
|l MZK
|r Sklad / do 24 hodin
|n 0
|w 001648201
|u 000010
|a 1
|e BOA001
|j MZK50
|s A
|